|
|
|
|
| LEADER |
00000nam a2200000 a 4500 |
| 001 |
vtls001336952 |
| 003 |
SK-MaSNL |
| 005 |
20260301005926.0 |
| 008 |
240314sm y0 xo a r 0010yyslo |
| 035 |
|
|
|a SNK000289943
|
| 040 |
|
|
|a SNK
|b slo
|c SNK
|e AACR2
|
| 044 |
|
|
|a xo
|c SK
|
| 072 |
|
7 |
|a 004
|x Počítačová veda. Výpočtová technika. Informačné technológie
|2 konspekt
|
| 080 |
|
|
|a 004.087
|2 1981
|
| 080 |
|
|
|a (043)
|2 1981
|
| 100 |
1 |
|
|a Pagáčová, Anna
|4 aut
|9 290966
|
| 245 |
1 |
0 |
|a Jednotný systém elektronických počítačov
|b diplomová práca
|c diplomant: Anna Pagáčová ; školiteľ: Eva Krištofičová
|
| 260 |
|
|
|a Bratislava
|b Filozofická fakulta Univerzity Komenského
|c 1981
|
| 300 |
|
|
|a 70 s.
|b sch., tab.
|c 30 cm
|
| 650 |
0 |
7 |
|a elektronické počítače
|2 SNKPH
|9 290967
|
| 655 |
|
7 |
|a diplomové práce
|2 SNKPH
|9 70156
|
| 700 |
1 |
|
|a Krištofičová, Eva,
|d 1945-
|4 ini
|9 37046
|
| 999 |
|
|
|c 546600
|d 548530
|
| 952 |
|
|
|t P60, <03>, [BOOK], {603}
|a SNK
|b SNK
|y PREZ
|7 0
|p 17A0070352
|o snkDIP 262
|i snkF 1125/2002
|0 0
|1 0
|4 0
|d 2002-10-01
|l 0
|r 2005-01-02 00:00:00
|w 2026-02-23
|